000 03154nam a22003377a 4500
003 OSt
005 20210308120652.0
008 210308s2012 ck ||||gr|||| 00| 0dspa d
020 _a9789587491982
040 _aCO-JMCR
_cCO-JMCR
041 0 _aspa
082 0 4 _a344.35 /
_bM672r
_223
100 1 _aMiranda Londoño, Alfonso,
_eautor
_914529
245 1 3 _aEl régimen especial de integraciones empresariales para el sistema financiero y asegurador /
_cAlfonso Miranda Londoño ; prólogo, Fernando Cachafeiro
260 _aBogotá :
_bPontificia Universidad Javeriana : Grupo Bancolombia : Grupo Editorial Ibañez,
_c2012
300 _a103 páginas ;
_c15 cm.
490 0 _aColección catedra Bancolombia de derecho económico, financiero y del mercado de valores ;
_vN°8
500 _aIncluye notas a pie de página y datos biográficos del autor.
504 _aBibliografía: páginas 101-103
505 0 _aMarco jurídico de la libre competencia en Colombia -- Régimen de integraciones empresariales -- Régimen de integraciones empresariales para el sector financiero y asegurador -- Consideraciones respecto del análisis de libre competencia que realiza la SIC
520 3 _aPor medio de la Ley 1340 de 2009 se modificó de manera importante el régimen de protección de la competencia en Colombia. Uno de los principales logros de la Ley consiste en asignarle a la Superintendencia de Industria y Comercio la calidad de Autoridad Nacional de la Competencia, con lo cual se eliminó en gran medida la problemática que durante más de tres lustros venia denunciando el CEDEC, respecto de la incomveniente proliferación de autoridades de competencia en Colombia. Como consecuencia de esta decisión, corresponde a la SIC decidir como autoridad única de competencia, los casos de prácticas restrictivas y competencia, los casos de prácticas restrictivas y competencia desleal en todos los sectores de la economía y se le asigno la facultad general en materia de control de integraciones empresariales, en todos los sectores de la economía, con dos excepciones notables: le de ciertas operaciones entre explotadores de aeronaves que deben ser decididas por la Aeronáutica Civil y la de las integraciones entre entidades financieras, las cuales deben ser decididas por la Superintendencia Financiera, con algún grado de intervención de la SIC. El documento que hoy se entrega a la comunidad académica, gracias a la generosidad de la Cátedra Bancolombia explica precisamente el régimen especial de las integraciones empresariales en el sistema financiero y asegurador, el cual presenta particularidades frente al régimen general de integraciones que aplica la SIC.
650 1 4 _aDerecho financiero
_zColombia
_914530
650 2 4 _aCompetencia (Derecho)
_zColombia
_914531
650 2 4 _aDerecho de la competencia
_zColombia
_914532
650 2 4 _aInstituciones financieras
_zColombia
_98991
650 2 4 _aCompañías de seguros
_zColombia
_914533
650 2 4 _aDerecho comercial
_zColombia
_910030
650 2 4 _aLey antimonopolio
_zColombia
_914534
700 1 _aCachafeiro, FernandO,
_eprologuista
_914535
942 _2ddc
_cBK
999 _c7488
_d7488